Responses for Show #697 - Tuesday, September 22, 1987

Roy Holliday game 2.

Contestants

[<< previous game]

David Shapiro, an insurance adjuster originally from Chicago, Illinois

Peggy Friedman, a writer originally from New York

Roy Holliday, a radiologist from Brooklyn, New York (whose 1-day cash winnings total $13,000)

[next game >>]

Jeopardy! Round responses

SCIENCE
BASEBALL QUOTES
DECEMBER 7TH
SCHOOL DAYS
FRUITS & VEGETABLES
DOUBLE TALK
    $100 1
rust

Roy
    $100 7
inches

David
    $100 26
Johnson

Roy
    $100 14
purple

Peggy
    $100 13
lettuce

Peggy
    $100 6
fizz fizz

David
    $200 2
ultraviolet

Roy
    $200 8
What

Roy
    $200 27
Boston

David
    $200 15
audiovisual

David
    $200 18
pumpkin

Roy
    $200 9
(David: Who is Orphan Annie?)

Lulu

RoyDavid
    $300 3
1

Roy
    $300 16
catcher

Peggy
    $300 28
(Roy: What is [*]?)
(Alex: No, sorry.)
[Alex turned in reaction to hearing offstage voices.]

join the union (ratify the Constitution)

Roy
    $300 17
(Alex: Right, didn't want to scrape it, scratch it.)

dancing on the gym floor & couldn't wear shoes

Roy
    $300 19
black-eyed peas

Roy
    $800 10
[Roy looked down and looked up saying nothing.]
(Alex: Roy, have you got a response for me?)
(Roy: No.)
...
[The song was not played going into the break.]

"Wonderful! Wonderful!"

Roy
    $400 4
salt

Triple Stumper
    $400 23
Hank Aaron

David
    $400 29
(Roy: Who are the miners?)
(Alex: No. Be more specific.)
...
[The end-of-round signal sounds.]

the United Mine Workers (coal miners)

Roy
    $400 22
social studies

David
    $400 20
grape

Roy
    $400 11
The Russians Are Coming! The Russians Are Coming!

Peggy
    $500 5
(David: What is copper?)

slag

David
Triple Stumper
    $500 24
Satchel Paige

Peggy
    $500 25
(Alex: We've got about a minute to go.)

Head Start

Roy
    $500 21
soybeans

Triple Stumper
    $500 12
mahi-mahi

Roy

Scores at the first commercial break (after clue 10):

Roy Peggy David
$200 $0 -$500

Scores at the end of the Jeopardy! Round:

Roy Peggy David
$3,200 $1,400 $700

Double Jeopardy! Round responses

FAMOUS FAMILIES
BALLET
AUTHORS' MIDDLE NAMES
EXPLORERS
LONDON
"M"OVIES
    $200 8
Teddy Kennedy

Roy
    $200 2
costumes

David
    $200 12
Christian

David
    $200 28
Peru

David
    $200 7
(Peggy: What are towers?)

bridges

PeggyDavid
    $200 1
Midnight Cowboy

Roy
    $400 18
Somoza

David
    $400 9
Catherine the Great

Roy
    $400 13
Butler

David
    $400 30
Mongolia

Peggy
    $400 22
British Museum

Peggy
    $400 3
M

Peggy
    $600 19
(Roy: Who are the Medicis?)

Borgias

RoyPeggy
    $1,500 10
Swan Lake

Roy
    $600 14
Bashevis

Peggy
    $600 24
(Roy: What is Portugal?)

Spain

RoyPeggy
    $600 23
Gatwick

Roy
    $600 4
Mary Poppins

David
    $800 20
Carters

Peggy
    $800 11
(David: What is Prelude to the Afternoon of a Faun?)
...
(Alex: The prelude is the piece of music that precedes The Afternoon of the Faun.)

The Afternoon of a Faun

PeggyDavid
    $800 15
Penn

Roy
    $800 29
Stanley

Roy
    $800 25
(David: What is Soho?)

Covent Garden

PeggyDavid
    $1,500 5
Meet Me in St. Louis

David
    $1000 21
(Roy: Who are the Windsors?)

Hanovers

RoyPeggy
    $1000 16
Terpsichore

Peggy
    $1000 17
Luis

David
    $1000 27
Antarctica

Peggy
    $1000 26
(David: What is Soho?)
[Laughter from both David and the audience]

Billingsgate

David
Triple Stumper
    $1000 6
Marjorie Morningstar

Peggy

Scores at the end of the Double Jeopardy! Round:

Roy Peggy David
$5,500 $10,600 $2,800

[wagering suggestions for these scores]

Final Jeopardy! Round responses

RELIGIOUS HISTORY
DavidWhat were the Quakers?
$2,799
RoyWho are the Quakers?
$5,300
PeggyWhat are Jehovah's Witnesses
$401
Quakers

Final scores:

Roy Peggy David
$10,800 $10,199 $5,599
2-day champion: $23,800 2nd place: a trip on Continental to Mexico City & stay at Crowne Plaza + Jeopardy! box game or computerized version 3rd place: Hotpoint refrigerator + Jeopardy! box game or computerized version

Game dynamics:

Coryat scores:

Roy Peggy David
$5,400 $10,600 $2,100
21 R
(including 1 DD),
4 W
(including 1 DD)
18 R,
1 W
15 R
(including 1 DD),
5 W

Combined Coryat: $18,100

[game clues] [game scores] [suggest correction]

Game tape date: 1987-06-17
The J! Archive is created by fans, for fans. Scraping, republication, monetization, and malicious use prohibited; this site may use cookies and collect identifying information. See terms. The Jeopardy! game show and all elements thereof, including but not limited to copyright and trademark thereto, are the property of Jeopardy Productions, Inc. and are protected under law. This website is not affiliated with, sponsored by, or operated by Jeopardy Productions, Inc. Join the discussion at JBoard.tv.